[Event "GER-ch52 V02 email"]
[Site "GER email"]
[Date "2020.04.16"]
[Round "?"]
[White "Bender, Klaus"]
[Black "Tiemann, Hagen"]
[Result "1/2-1/2"]
[WhiteElo "2302"]
[BlackElo "2347"]
[PlyCount "82"]
[EventDate "2020.??.??"]
[EventType "tourn (corr)"]
[EventRounds "10"]
[EventCountry "GER"]
[SourceTitle "Corr 2022"]
[Source "ChessBase"]
[SourceDate "2021.10.24"]
[SourceVersion "1"]
[SourceVersionDate "2021.10.24"]
[SourceQuality "1"]

1. e4 c5 2. d3 Nc6 3. f4 g6 4. Nf3 Bg7 5. Be2 Nf6 6. 0-0 0-0 7. c3 d6 8. Kh1 b6 9. Be3 e5 10. fxe5 dxe5 11. Nbd2 Qc7 12. a3 Ng4 13. Bg1 Bh6 14. Re1 Ne3 15. Qc1 Bf4 16. b4 Be6 17. Qb2 Rab8 18. Nf1 Nxf1 19. Rxf1 f6 20. Bd1 Nd8 21. Bb3 Rc8 22. bxc5 bxc5 23. Bxe6+ Nxe6 24. Qb5 Rfd8 25. Qc4 Qd7 26. Rab1 Bh6 27. a4 Bf8 28. a5 Rc6 29. Ne1 Kg7 30. Rf2 Qc8 31. Rfb2 Rd7 32. Nc2 Qa6 33. Rb7 Rxb7 34. Qxa6 Rxa6 35. Rxb7+ Kg8 36. Ne3 Rxa5 37. Nd5 Bg7 38. Rb8+ Kf7 39. Rb7+ Kf8 40. Rb8+ Kf7 41. Rb7+ Kf8 1/2-1/2

[Event "GER-ch52 V02 email"]
[Site "GER email"]
[Date "2020.04.16"]
[Round "?"]
[White "Doderer, Harald"]
[Black "Tiemann, Hagen"]
[Result "1/2-1/2"]
[WhiteElo "2383"]
[BlackElo "2347"]
[PlyCount "54"]
[EventDate "2020.??.??"]
[EventType "tourn (corr)"]
[EventRounds "10"]
[EventCountry "GER"]
[SourceTitle "Corr 2022"]
[Source "ChessBase"]
[SourceDate "2021.10.24"]
[SourceVersion "1"]
[SourceVersionDate "2021.10.24"]
[SourceQuality "1"]

1. e4 c6 2. d4 d5 3. e5 Bf5 4. Nc3 e6 5. g4 Bg6 6. Nge2 c5 7. h4 h5 8. Nf4 Bh7 9. g5 cxd4 10. Nb5 Be4 11. f3 Bf5 12. Nxd4 Ne7 13. Nxf5 Nxf5 14. Bd3 Qc7 15. Ne2 g6 16. Bxf5 gxf5 17. f4 Nd7 18. Be3 Nc5 19. Ng3 Na4 20. Qe2 Rc8 21. Nxh5 Qa5+ 22. c3 Rxh5 23. Qxh5 Nxb2 24. 0-0 Rxc3 25. Rac1 Bc5 26. Rxc3 Qxc3 27. Bxc5 Qg3+ 1/2-1/2

[Event "GER-ch51 V03 email"]
[Site "GER email"]
[Date "2019.04.14"]
[Round "?"]
[White "Frotscher, Thomas"]
[Black "Tiemann, Hagen"]
[Result "1/2-1/2"]
[WhiteElo "2363"]
[BlackElo "2310"]
[PlyCount "89"]
[EventDate "2019.??.??"]
[EventType "tourn (corr)"]
[EventRounds "10"]
[EventCountry "GER"]
[SourceTitle "Corr 2022"]
[Source "ChessBase"]
[SourceDate "2021.10.24"]
[SourceVersion "1"]
[SourceVersionDate "2021.10.24"]
[SourceQuality "1"]

1. d4 Nf6 2. c4 g6 3. Nc3 Bg7 4. e4 d6 5. Nf3 0-0 6. Be2 e5 7. 0-0 Nc6 8. d5 Ne7 9. Ne1 Nd7 10. Nd3 f5 11. f3 f4 12. b4 g5 13. c5 Nf6 14. a4 h5 15. a5 Ng6 16. Bd2 Rf7 17. b5 g4 18. c6 Bh6 19. fxg4 hxg4 20. Nf2 g3 21. hxg3 Rh7 22. g4 Kh8 23. b6 cxb6 24. axb6 Qxb6 25. Nb5 Nxe4 26. Bd3 Nxd2 27. Qxd2 f3 28. Qa5 Qxa5 29. Rxa5 bxc6 30. dxc6 fxg2 31. Rb1 Be3 32. Bxg6 Rh6 33. Be4 d5 34. Ra3 Bc5 35. Bxg2 Bxg4 36. Rc3 Rxc6 37. Bxd5 Bxf2+ 38. Kxf2 Rxc3 39. Nxc3 Rc8 40. Ne4 Rf8+ 41. Ke3 Rf3+ 42. Kd2 Bf5 43. Rg1 Bxe4 44. Bxe4 Ra3 45. Rg5 1/2-1/2

[Event "GER-ch51 V03 email"]
[Site "GER email"]
[Date "2019.04.14"]
[Round "?"]
[White "Tiemann, Hagen"]
[Black "Hild, Harald"]
[Result "1/2-1/2"]
[WhiteElo "2310"]
[BlackElo "2350"]
[PlyCount "86"]
[EventDate "2019.??.??"]
[EventType "tourn (corr)"]
[EventRounds "10"]
[EventCountry "GER"]
[SourceTitle "Corr 2022"]
[Source "ChessBase"]
[SourceDate "2021.10.24"]
[SourceVersion "1"]
[SourceVersionDate "2021.10.24"]
[SourceQuality "1"]

1. d4 f5 2. b3 e6 3. Bb2 b6 4. Nd2 Nf6 5. e3 Bb7 6. Ngf3 g6 7. a4 a5 8. Bd3 Nc6 9. c3 Bh6 10. e4 Ne7 11. e5 Ne4 12. 0-0 Nxd2 13. Nxd2 Rb8 14. Be2 0-0 15. h3 g5 16. Bf3 Nd5 17. Bxd5 Bxd5 18. c4 Bb7 19. Qh5 Bg7 20. Rfe1 Kh8 21. Rad1 Qe8 22. Qxe8 Rfxe8 23. Nb1 Bf8 24. Nc3 c6 25. g4 h6 26. gxf5 exf5 27. f4 Bb4 28. Rf1 Rg8 29. Kh2 g4 30. Rg1 h5 31. d5 Bc5 32. Rg2 Kh7 33. dxc6 dxc6 34. Rd7+ Rg7 35. Rgd2 Rbg8 36. e6 Bc8 37. Ne2 Bxd7 38. exd7 Re7 39. Bf6 Rd8 40. Bxe7 Bxe7 41. hxg4 Bb4 42. Rd1 hxg4 43. Kg2 Bc5 1/2-1/2